Ben LaFond

Cambridge B


Categories

Mythology0401404289.7513
Fine Arts - Other Fine Arts0300303586.0002
Religion0300303380.6711
Literature - British Literature0200204988.0001
Literature - European Literature0200208598.5002
Social Science02012085102.5001
History - American History020020122124.5000
History - Other History0200203355.5022
Science - Biology0200206372.5001
Other010010105105.0000
Philosophy0101108888.0001
Literature - American Literature010010139139.0001
Science - Chemistry010010105105.0001
Literature - World Literature0100107878.0001
Fine Arts - Painting & Sculpture01105115115.0000

Buzzes

History - Other Historywine1033
ReligionDaniel1033
Fine Arts - Other Fine ArtsNina Simone1035
MythologyVenus1042
Literature - British LiteraturePyramus and Thisbe1049
Science - Biologyhypertension1063
History - Other HistoryTeotihuacan1078
Literature - World LiteratureBengali1078
ReligionRāma1081
Science - BiologyCRISPR-Cas9 gene editing1082